000 01358nam2a2200277 4500
001 RU\NLR\BIBL_A\022754450
005 20260527170657.0
010 _a978-5-6054876-3-0
_91000
021 _aRU
_bКН-П-26-002903
_9КН-П-26-0265
035 _a(NLR Aleph) 022754450
090 _a13637797
_c13637797
100 _a20260316d2025 u y0rusy50 ca
101 0 _arus
102 _aRU
105 _aach z 000yd
200 0 _aКн. 5
_f[текст: А. А. Тетенков, Н. П. Губская, Е. В. Литвинова]
210 _d2025
215 _a172, [3] с.
_cил., цв. ил., портр., факс.
461 0 _1001RU\NLR\BIBL_A\012596689
_12001#$aДолгая дорога памяти$eкнига памяти$f[текст: Т.А. Каленова]$vКн. 5
_1700#1$aКаленова$bТ. А.
_912569209
_aКаленова, Т. А.
_cТомск
_d2021
_f[текст: Т.А. Каленова]
_nТомская региональная организация "Российский союз ветеранов Афганистана"
_oкнига памяти
_tДолгая дорога памяти
_vКн. 5
701 1 _aТетенков
_bА. А.
701 1 _aГубская
_bН. П.
_gНина Петровна
701 1 _aЛитвинова
_bЕ. В.
942 _cBOOK
980 _aNB